| 000 | 01012nam a2200265 i 4500 | ||
|---|---|---|---|
| 001 | 157359 | ||
| 003 | ES-MaACL | ||
| 005 | 20250823004925.0 | ||
| 008 | 040901s1834 fr |||| | fre d | ||
| 040 |
_aCAM _bspa _cCAM |
||
| 100 | 1 |
_aLe Dhuy, Adolphe. _9128782 |
|
| 245 | 1 | 0 |
_aEntretiens sur la musique / _cpar Adolphe Le Dhuy. |
| 260 |
_aParis ; _aStrasbourg : _bF.G. Levrault, libraire, _c1834. |
||
| 300 |
_a114 p. : _bmús. ; _c14 cm. |
||
| 490 | 1 | _aMaitre Pierre ou Le savant de village | |
| 490 | 1 |
_aBibliothèque de l'instruction populaire ; _v13 |
|
| 594 | _aTexto en letra cursiva. | ||
| 598 | _aSegunda serie tomada de BN Opale-Plus. | ||
| 650 | 7 |
_aMúsica _2embne _915376 |
|
| 740 | 0 | 2 | _aMaitre Pierre ou Le savant de village. |
| 830 | 0 |
_aMaitre Pierre ou Le savant de village _9187710 |
|
| 830 | 0 |
_aBibliothèque de l'instruction populaire ; _v13 _9187711 |
|
| 852 |
_aES-MaACL _jD-5202(4) _z- Enc. hol. _x- Edic.: en el lomo consta : Instruction populaire |
||
| 999 |
_c157359 _d157359 |
||